书目信息 |
| 题名: |
论美和艺术
|
|
| 作者: | 波斯彼洛夫 著 ;刘宾雁 译 | |
| 分册: | ||
| 出版信息: | 上海 上海译文出版社 1981.05 |
|
| 页数: | 328页 | |
| 开本: | 20cm | |
| 丛书名: | ||
| 单 册: | ||
| 中图分类: | B83-05 | |
| 科图分类: | ||
| 主题词: | 美学 | |
| 电子资源: | ||
| ISBN: | ||
| 000 | 00610nam0 2200217 45 | |
| 001 | 0204070970 | |
| 005 | 20031219104108.7 | |
| 010 | @dCNY1.05 | |
| 091 | @a10188.192 | |
| 100 | @a20020407d1981 km y0chiy0120 ea | |
| 101 | 0 | @achi |
| 105 | @a z 000yy | |
| 200 | 1 | @a论美和艺术@ALun Mei He Yi Shu@f(苏)格·尼·波斯彼洛夫著@F(Su)Ge·Ni·Bo Si Bi Luo Fu Zhu@g刘宾雁译 |
| 210 | @a上海@c上海译文出版社@d1981.05 | |
| 215 | @a328页@d20cm | |
| 606 | 0 | @a美学 |
| 690 | @aB83-05@v3 | |
| 701 | 0 | @a波斯彼洛夫@4著 |
| 702 | 0 | @a刘宾雁@ALiu Bin Yan@4译 |
| 801 | @aCN@bTSTC@c20020407 | |
| 905 | @f1@b50009@dB83-05@e10 | |
| 论美和艺术/(苏)格·尼·波斯彼洛夫著/刘宾雁译.-上海:上海译文出版社,1981.05 |
| 328页;20cm |
| ISBN :CNY1.05 |
| ● |
| 相关链接 |
|
|
|
|
正题名:论美和艺术
索取号:B83-05/10
 
预约/预借
| 序号 | 登录号 | 条形码 | 馆藏地/架位号 | 状态 | 备注 |
| 1 | 0050009 | 001775859 | 密集书库/ [索取号:B83-05/10] | 在馆 |